[Event "Russian Championship B15 1st league 2016"]
[Site "Loo"]
[Date "2016.04.26"]
[Round "7.40"]
[White "Yangutov, Aleksey"]
[Black "Ananjev, Ilija"]
[Result "1-0"]
[WhiteElo "1723"]
[BlackElo "1624"]
[PlyCount "147"]
[EventDate "2016.04.20"]

1. d4 Nf6 2. c4 e6 3. Nf3 b6 4. g3 Bb7 5. Bg2 Bb4+ 6. Bd2 Bxd2+ 7. Nbxd2 O-O 8.
O-O d6 9. Qc2 Nbd7 10. Rad1 c5 11. e4 Qc7 12. Rfe1 cxd4 13. Nxd4 a6 14. b4 b5
15. Qb3 bxc4 16. Nxc4 d5 17. Na5 Nxe4 18. Bxe4 dxe4 19. Nxb7 Qxb7 20. Nxe6 fxe6
21. Qxe6+ Rf7 22. Rxe4 Nf6 23. Red4 Qe7 24. Qc6 Rff8 25. a4 Qe8 26. Qc4+ Qf7
27. Qc2 Qb7 28. Qb3+ Qf7 29. Qc2 Qb7 30. Qb3+ Kh8 31. b5 axb5 32. axb5 Rab8 33.
Rb1 Qb6 34. Qc4 Rfc8 35. Qd3 Rd8 36. Rxd8+ Rxd8 37. Qc4 Rb8 38. Rd1 h6 39. Rb1
Re8 40. h3 Rb8 41. g4 Ne8 42. Qf4 Nd6 43. g5 hxg5 44. Qxg5 Nxb5 45. Qh5+ Kg8
46. Qd5+ Kh8 47. Rb4 g6 48. Rh4+ Kg7 49. Qe5+ Qf6 50. Rh7+ Kxh7 51. Qxf6 Rb7
52. Qc6 Rb8 53. Kg2 Kg7 54. Qd7+ Kh6 55. h4 g5 56. Qe6+ Kh5 57. Qf7+ Kxh4 58.
f3 Rh8 59. Qc4+ Kh5 60. Qxb5 Rf8 61. Kg3 Rf4 62. Qe5 Kg6 63. Qe6+ Kg7 64. Qe7+
Kg6 65. Qe8+ Kh6 66. Qg8 Rh4 67. Qf7 Rf4 68. Qxf4 gxf4+ 69. Kxf4 Kg6 70. Ke5
Kf7 71. Kf5 Kf8 72. Kf6 Ke8 73. f4 Kf8 74. f5 1-0

[Event "Russian Championship B15 1st league 2016"]
[Site "Loo"]
[Date "2016.04.26"]
[Round "7.41"]
[White "Kisarov, Timur"]
[Black "Pynko, Alexander"]
[Result "0-1"]
[WhiteElo "1697"]
[BlackElo "1615"]
[PlyCount "98"]
[EventDate "2016.04.20"]

1. e4 e5 2. Nf3 Nc6 3. d4 exd4 4. Bc4 Bc5 5. c3 dxc3 6. Bxf7+ Kxf7 7. Qd5+ Ke8
8. Qh5+ g6 9. Qxc5 d6 10. Qxc3 Qf6 11. Bg5 Qxc3+ 12. Nxc3 h6 13. Be3 Nf6 14.
O-O-O Be6 15. Nd4 Bd7 16. f3 a6 17. Rhe1 Ne5 18. f4 Nc4 19. h3 Kf7 20. g4 Rae8
21. Bf2 c5 22. Nf3 Bc6 23. Nd2 Nxd2 24. Rxd2 Bxe4 25. Rxd6 Bg2 26. Rd3 Rxe1+
27. Bxe1 Re8 28. Bf2 c4 29. Rg3 Bc6 30. Kd2 b5 31. a3 a5 32. Bc5 Rb8 33. Re3 b4
34. axb4 axb4 35. Re7+ Kg8 36. Ne2 Ne4+ 37. Kc2 Nxc5 38. Rc7 Be4+ 39. Kd2 Nb3+
40. Ke3 Re8 41. Kf2 Bd3 42. Ng3 Rf8 43. Ke3 Re8+ 44. Kf2 Nd4 45. Rd7 Ne2 46.
Nf1 Nxf4 47. Ne3 Nxh3+ 48. Kf3 Ng5+ 49. Kf4 Re4+ 0-1

[Event "Russian Championship B15 1st league 2016"]
[Site "Loo"]
[Date "2016.04.26"]
[Round "7.42"]
[White "Sadovnikov, Konstantin"]
[Black "Balashov, Egor"]
[Result "1-0"]
[WhiteElo "1695"]
[BlackElo "1596"]
[PlyCount "91"]
[EventDate "2016.04.20"]

1. e4 e6 2. Qe2 Nc6 3. Nf3 e5 4. d3 Bc5 5. g3 d6 6. Bg2 h6 7. O-O Nf6 8. Nbd2
Be6 9. Nb3 Bb6 10. Be3 O-O 11. c3 Qe7 12. Rfe1 Rfe8 13. Nfd2 Bxe3 14. Qxe3 a5
15. Nf1 d5 16. Rad1 a4 17. Nc1 d4 18. Qd2 a3 19. c4 axb2 20. Qxb2 Ra7 21. Nd2
Rea8 22. Nf3 Nd7 23. Rd2 Nc5 24. Qb1 b6 25. Nh4 Ra3 26. Nf5 Qf8 27. f4 f6 28.
Rf1 Qb8 29. fxe5 fxe5 30. Bh3 Bf7 31. Rdf2 Bg6 32. Qb5 Qb7 33. Qxc6 Qxc6 34.
Ne7+ Kh7 35. Nxc6 Nxd3 36. Nxd3 Rxd3 37. Nxe5 Rc3 38. Nxg6 Kxg6 39. Bf5+ Kg5
40. Bh7 g6 41. Rf6 Ra5 42. Rxg6+ Kh5 43. Rf4 Rc1+ 44. Kg2 Rxa2+ 45. Kh3 Rxh2+
46. Kxh2 1-0

[Event "Russian Championship B15 1st league 2016"]
[Site "Loo"]
[Date "2016.04.26"]
[Round "7.43"]
[White "Perov, German"]
[Black "Vashchenko, Lev"]
[Result "1-0"]
[WhiteElo "1676"]
[BlackElo "1469"]
[PlyCount "79"]
[EventDate "2016.04.20"]

1. e4 e6 2. d4 d5 3. exd5 exd5 4. c4 Bb4+ 5. Nc3 Nf6 6. Bd3 O-O 7. Nge2 dxc4 8.
Bxc4 Bf5 9. O-O Nbd7 10. a3 Be7 11. Ng3 Bg6 12. f4 h6 13. f5 Bh7 14. Bb3 Nb6
15. Be3 Nbd5 16. Nxd5 Nxd5 17. Bxd5 Qxd5 18. Qg4 Kh8 19. Nh5 Rg8 20. Nf4 Qb5
21. a4 Qd7 22. Nd3 Qd5 23. Ne5 Rae8 24. Rf3 Bf6 25. Rg3 c5 26. Qh5 Bxe5 27.
dxe5 Rxe5 28. Rd1 Qa2 29. Bxh6 g6 30. Bg7+ Kxg7 31. f6+ Kxf6 32. Qxh7 Qe6 33.
Rf3+ Ke7 34. Rxf7+ Qxf7 35. Rd7+ Kxd7 36. Qxf7+ Re7 37. Qd5+ Kc7 38. Qxc5+ Kd7
39. Qd5+ Kc7 40. Qxg8 1-0

[Event "Russian Championship B15 1st league 2016"]
[Site "Loo"]
[Date "2016.04.26"]
[Round "7.44"]
[White "Klimashkin, Igor"]
[Black "Shirinkin, Pavel"]
[Result "1-0"]
[WhiteElo "1584"]
[BlackElo "1676"]
[PlyCount "119"]
[EventDate "2016.04.20"]

1. e4 c5 2. Nf3 e6 3. Nc3 a6 4. Be2 Qc7 5. d3 Nc6 6. Be3 Nf6 7. Qc1 Be7 8. Bf4
d6 9. h3 b5 10. O-O O-O 11. Qe3 b4 12. Nb1 Bb7 13. Nbd2 Qd8 14. Nb3 a5 15. e5
Nd5 16. Qd2 Nxf4 17. Qxf4 dxe5 18. Nxe5 Qd6 19. d4 cxd4 20. Nd3 e5 21. Qg3 f5
22. Ndc5 Bc8 23. a4 Rf6 24. Bb5 Rg6 25. Qf3 e4 26. Qe2 Ne5 27. Kh1 Qd5 28. f4
exf3 29. Rxf3 Bxc5 30. Re1 Bb7 31. Qxe5 Qxe5 32. Rxe5 Bxf3 33. gxf3 Bb6 34.
Rxf5 Rd8 35. Nxa5 Bxa5 36. Bc4+ Kh8 37. Rxa5 Rg3 38. Rb5 g6 39. a5 Re8 40. a6
Rxf3 41. a7 Rff8 42. Bd5 Kg7 43. Rxb4 d3 44. cxd3 Rf2 45. Kg1 Rff8 46. Ra4 Ra8
47. Bxa8 Rxa8 48. b4 Kf7 49. b5 Ke7 50. b6 Rc8 51. a8=Q Rc1+ 52. Kg2 Rc2+ 53.
Kg3 Rc1 54. Re4+ Kd6 55. Qd8+ Kc6 56. Qc7+ Kb5 57. Qxc1 Ka6 58. Qc5 Kb7 59.
Re7+ Kb8 60. Qc7+ 1-0

[Event "Russian Championship B15 1st league 2016"]
[Site "Loo"]
[Date "2016.04.26"]
[Round "7.45"]
[White "Konotop, Daniil"]
[Black "Volkov, Grigoriy"]
[Result "0-1"]
[WhiteElo "1473"]
[BlackElo "1667"]
[PlyCount "74"]
[EventDate "2016.04.20"]

1. e4 e5 2. Nf3 Nc6 3. Bb5 a6 4. Bxc6 dxc6 5. O-O f6 6. d4 exd4 7. Nxd4 c5 8.
Nb3 Qxd1 9. Rxd1 Bd7 10. Bf4 O-O-O 11. Nc3 c4 12. Nd4 g5 13. Be3 Bd6 14. Nce2
Ne7 15. Ng3 h5 16. Ngf5 Nxf5 17. Nxf5 Bxf5 18. exf5 Be5 19. c3 g4 20. g3 h4 21.
Kg2 h3+ 22. Kf1 Rh7 23. Rxd8+ Kxd8 24. Rd1+ Rd7 25. Rxd7+ Kxd7 26. Ke2 Kc6 27.
f3 Bxg3 28. Bg1 Bh4 29. fxg4 Kd5 30. Kf3 c5 31. Be3 b5 32. Bf4 a5 33. Bc7 a4
34. a3 b4 35. Ba5 b3 36. Bc7 Be1 37. Ke2 Bxc3 0-1

[Event "Russian Championship B15 1st league 2016"]
[Site "Loo"]
[Date "2016.04.26"]
[Round "7.46"]
[White "Kolkhidov, Azamat"]
[Black "Dyashkin, Dmitry"]
[Result "1-0"]
[WhiteElo "1655"]
[BlackElo "1531"]
[PlyCount "127"]
[EventDate "2016.04.20"]

1. e4 e6 2. d3 d5 3. Nd2 Nf6 4. Ngf3 c5 5. g3 Nc6 6. Bg2 Be7 7. O-O Qc7 8. c3
O-O 9. Qc2 dxe4 10. dxe4 Rd8 11. Re1 e5 12. Nb3 b6 13. h3 Ba6 14. Bf1 Bxf1 15.
Kxf1 Qd7 16. Kg2 h5 17. Bg5 Qe6 18. Qe2 g6 19. Nh2 Nh7 20. Bxe7 Nxe7 21. Qe3
Kg7 22. Rad1 a5 23. Rd2 Rxd2 24. Qxd2 a4 25. Nc1 Ra7 26. Nf3 Rd7 27. Qe2 c4 28.
Rd1 Rxd1 29. Qxd1 b5 30. Qd8 f5 31. exf5 gxf5 32. Qe8 e4 33. Nd4 Qf7 34. Qxb5
Nd5 35. Qb8 f4 36. Qe5+ Kg8 37. Nf5 f3+ 38. Kh2 Kf8 39. Nd6 e3 40. Kg1 exf2+
41. Kxf2 Qa7+ 42. Qd4 Qxd4+ 43. cxd4 Nb6 44. Kxf3 Ng5+ 45. Kg2 Ke7 46. Nf5+ Kf6
47. g4 Ne6 48. Ne2 hxg4 49. hxg4 Nd5 50. Nd6 Nb6 51. Kg3 a3 52. bxa3 Nxd4 53.
Nxd4 Ke5 54. N6b5 c3 55. Nf3+ Ke4 56. Nxc3+ Kd3 57. Nb5 Kc2 58. g5 Kb2 59. g6
Nd7 60. a4 Kxa2 61. a5 Kb3 62. a6 Ka4 63. a7 Nb6 64. Nc7 1-0

[Event "Russian Championship B15 1st league 2016"]
[Site "Loo"]
[Date "2016.04.26"]
[Round "7.47"]
[White "Zharikov, Dmitry"]
[Black "Belov, Kirill"]
[Result "1-0"]
[WhiteElo "1644"]
[BlackElo "1360"]
[PlyCount "59"]
[EventDate "2016.04.20"]

1. e4 e5 2. Nf3 Nc6 3. d4 exd4 4. c3 dxc3 5. Nxc3 Bc5 6. Bc4 Nge7 7. Ng5 Ne5 8.
Bb3 O-O 9. f4 N5g6 10. Qh5 h6 11. Nxf7 Rxf7 12. Bxf7+ Kxf7 13. Qxc5 d6 14. Qf2
Bd7 15. O-O Kg8 16. Bd2 c6 17. h3 Qc7 18. Rad1 Rf8 19. Qe2 b5 20. b3 b4 21. Na4
c5 22. Nb2 Nc6 23. Be3 Re8 24. Qd3 Re6 25. Nc4 Nh4 26. f5 Re7 27. g3 d5 28.
Qxd5+ Kh8 29. Bf4 Qd8 30. Qxc6 1-0

[Event "Russian Championship B15 1st league 2016"]
[Site "Loo"]
[Date "2016.04.26"]
[Round "7.48"]
[White "Greshtakyan, Ashot"]
[Black "Shushakov, Andrey"]
[Result "1-0"]
[WhiteElo "1489"]
[BlackElo "1550"]
[PlyCount "61"]
[EventDate "2016.04.20"]

1. e4 d5 2. exd5 Qxd5 3. Nc3 Qa5 4. d4 c6 5. Nf3 Nf6 6. Bc4 Bf5 7. Bd2 Qc7 8.
Ne5 e6 9. Bf4 Bd6 10. f3 Nbd7 11. Qe2 Nh5 12. Bc1 Nhf6 13. f4 Bxe5 14. fxe5 Bg4
15. Qf2 Nd5 16. Bxd5 cxd5 17. O-O O-O 18. Nb5 Qb6 19. Nd6 f6 20. exf6 Qxd6 21.
f7+ Kh8 22. Bg5 Bf5 23. h4 Rxf7 24. Qe2 Nf6 25. Bf4 Qc6 26. c3 Be4 27. Be5 Raf8
28. Qd2 Nd7 29. Rxf7 Rxf7 30. Qg5 Nxe5 31. Qd8+ 1-0

[Event "Russian Championship B15 1st league 2016"]
[Site "Loo"]
[Date "2016.04.26"]
[Round "7.49"]
[White "Ardasenov, Soslan"]
[Black "Volodin, Andrey"]
[Result "1-0"]
[WhiteElo "1690"]
[BlackElo "1410"]
[PlyCount "89"]
[EventDate "2016.04.20"]

1. d4 Nf6 2. Bf4 g6 3. e3 Bg7 4. Nf3 c5 5. c3 b6 6. Be2 O-O 7. h3 Bb7 8. O-O
Nh5 9. Bh2 f5 10. dxc5 Nc6 11. Ng5 e6 12. h4 Nf6 13. cxb6 axb6 14. Nd2 h6 15.
Ngf3 Ng4 16. Bd6 Re8 17. g3 e5 18. Nh2 Nxh2 19. Kxh2 g5 20. Bc4+ Kh7 21. Bf7
gxh4 22. Qh5 Qf6 23. Bxe8 Qxd6 24. Qxf5+ Kh8 25. Qxd7 hxg3+ 26. fxg3 Qxd7 27.
Bxd7 Rd8 28. Rf7 Nb8 29. Rd1 Rxd7 30. Rxd7 Nxd7 31. Nc4 Bc8 32. Nd6 Ba6 33.
Nf7+ Kg8 34. Rxd7 Bc4 35. Nd6 Bxa2 36. Nf5 Bf8 37. Rb7 Bc5 38. Nxh6+ Kf8 39.
Ng4 e4 40. b4 Be7 41. Rxb6 Kf7 42. Ne5+ Kf8 43. Ng6+ Kf7 44. Nxe7 Kxe7 45. Kh3
1-0

[Event "Russian Championship B15 1st league 2016"]
[Site "Loo"]
[Date "2016.04.26"]
[Round "7.50"]
[White "Foshenko, Kirill"]
[Black "Tsarkov, Mikhail"]
[Result "1-0"]
[WhiteElo "1620"]
[BlackElo "1398"]
[PlyCount "91"]
[EventDate "2016.04.20"]

1. d4 Nf6 2. c4 g6 3. Nc3 d5 4. e3 Bg7 5. Nf3 O-O 6. Be2 c6 7. O-O Bg4 8. b4
dxc4 9. Bxc4 b5 10. Be2 a5 11. Qb3 axb4 12. Qxb4 Na6 13. Qb3 b4 14. Na4 Nd5 15.
Bxa6 Rxa6 16. Nc5 Rb6 17. Nd2 Rb5 18. Bb2 e5 19. h3 exd4 20. exd4 Bc8 21. Nf3
Nf4 22. Rfe1 Ne6 23. Nxe6 Bxe6 24. Qc2 Bd5 25. Qd3 Bxf3 26. Qxf3 c5 27. Qe2 Qb6
28. dxc5 Rxc5 29. Bxg7 Kxg7 30. Qb2+ Kg8 31. Rab1 Ra5 32. a3 Rfa8 33. Qxb4 Qa7
34. Re7 Qa6 35. Qf4 Rf5 36. Rb8+ Rxb8 37. Qxb8+ Kg7 38. Qb2+ Kh6 39. Re4 g5 40.
Rb4 Rf6 41. h4 Re6 42. hxg5+ Kg6 43. Qh8 Re1+ 44. Kh2 Qd6+ 45. g3 Qd5 46. Qf6+
1-0

[Event "Russian Championship B15 1st league 2016"]
[Site "Loo"]
[Date "2016.04.26"]
[Round "7.51"]
[White "Kulakov, Ilya"]
[Black "Riakhovskii, Mark"]
[Result "1-0"]
[WhiteElo "1599"]
[BlackElo "1360"]
[PlyCount "101"]
[EventDate "2016.04.20"]

1. d4 d5 2. c4 e6 3. Nf3 c5 4. cxd5 exd5 5. Nc3 Nc6 6. g3 Nf6 7. Bg2 Be7 8. O-O
O-O 9. Bg5 cxd4 10. Nxd4 h6 11. Be3 Bg4 12. Re1 Re8 13. h3 Nxd4 14. Bxd4 Be6
15. Qb3 Qd7 16. Rad1 Ne4 17. Nxe4 dxe4 18. Qc2 Rac8 19. Bc3 Qc7 20. Qxe4 Bxa2
21. Qxb7 Qxb7 22. Bxb7 Rc7 23. Bd5 Bxd5 24. Rxd5 Bc5 25. e3 f6 26. Red1 Rb8 27.
Rd7 Rcb7 28. R1d5 Bb4 29. Bd4 a5 30. e4 Rxd7 31. Rxd7 Re8 32. f3 Be1 33. Bf2
Bxf2+ 34. Kxf2 Rb8 35. Rd2 Rb3 36. h4 h5 37. Kg2 Kf7 38. Re2 Ke6 39. Rd2 Ke7
40. Rf2 Ke6 41. Rd2 Ke7 42. Kf2 Ke6 43. Kg2 Ke7 44. f4 Ke6 45. Kh3 Re3 46. Rd5
Rxe4 47. Rxa5 g6 48. Rb5 Ke7 49. Rb6 Re6 50. Rxe6+ Kxe6 51. g4 1-0

[Event "Russian Championship B15 1st league 2016"]
[Site "Loo"]
[Date "2016.04.26"]
[Round "7.54"]
[White "Fokeev, Boris"]
[Black "Strelkov, Daniil"]
[Result "0-1"]
[WhiteElo "1478"]
[BlackElo "1288"]
[PlyCount "68"]
[EventDate "2016.04.20"]

1. e4 e5 2. Nf3 Nc6 3. d4 exd4 4. Nxd4 Bc5 5. Nb3 Bb6 6. Nc3 Nf6 7. Bg5 d6 8.
a4 Ne5 9. f3 h6 10. Bh4 Be6 11. a5 Be3 12. Qe2 Bxb3 13. cxb3 Bc5 14. O-O-O O-O
15. f4 Ng6 16. Bxf6 Qxf6 17. Nd5 Qd8 18. f5 c6 19. fxg6 cxd5 20. gxf7+ Rxf7 21.
Rxd5 Qxa5 22. Kb1 Rf2 23. Qd1 Raf8 24. Bc4 Kh8 25. Qg4 b5 26. Be2 R2f4 27. Qg3
Rxe4 28. Bd3 Re6 29. Bf5 Ref6 30. Bd3 Qd2 31. Rc1 Be3 32. Rc7 Rf1+ 33. Bxf1
Rxf1+ 34. Ka2 Qa5# 0-1

[Event "Russian Championship B15 1st league 2016"]
[Site "Loo"]
[Date "2016.04.26"]
[Round "7.55"]
[White "Nagibin, Danila"]
[Black "Dolgirev, Lev"]
[Result "0-1"]
[WhiteElo "1274"]
[BlackElo "1448"]
[PlyCount "52"]
[EventDate "2016.04.20"]

1. d4 d5 2. c4 e6 3. Nc3 Nf6 4. Bg5 Be7 5. e3 O-O 6. Nf3 Nbd7 7. Qc2 b6 8. Bd3
dxc4 9. Bxc4 c5 10. Ne4 Bb7 11. Nfd2 Nxe4 12. Bxe7 Qxe7 13. Nxe4 cxd4 14. O-O
Rac8 15. f3 b5 16. Qb3 Bxe4 17. fxe4 bxc4 18. Qb7 dxe3 19. Qxa7 Rfd8 20. Qxe3
Qc5 21. Rf3 Qxe3+ 22. Rxe3 Ne5 23. Rc1 Rd2 24. b3 Nd3 25. Rc3 Rd1+ 26. Re1
Rxe1# 0-1

[Event "Russian Championship B15 1st league 2016"]
[Site "Loo"]
[Date "2016.04.26"]
[Round "7.56"]
[White "Enin, Peter"]
[Black "Ovcharenko, Iliya"]
[Result "0-1"]
[WhiteElo "1229"]
[BlackElo "1393"]
[PlyCount "104"]
[EventDate "2016.04.20"]

1. e4 e5 2. Nf3 Nc6 3. Nc3 Nf6 4. Bb5 Bc5 5. d3 h6 6. Bxc6 dxc6 7. Qe2 Bg4 8.
h3 Bxf3 9. Qxf3 Qe7 10. Be3 Bd4 11. a3 O-O-O 12. O-O Bxe3 13. Qxe3 Kb8 14. a4
g5 15. g3 Qe6 16. Kg2 Rdg8 17. a5 Nh5 18. a6 Nf4+ 19. Kg1 Qxh3 20. Qf3 g4 21.
Qh1 Qxh1+ 22. Kxh1 Ne6 23. axb7 h5 24. Kg2 h4 25. Rh1 h3+ 26. Kh2 Nd4 27. Rhd1
Nxc2 28. Ra4 Kxb7 29. Rc1 Nd4 30. Rxd4 exd4 31. Ne2 Rd8 32. f3 gxf3 33. Nf4 Rh6
34. Rf1 Rb8 35. Rxf3 Kc8 36. Rf2 Kd7 37. b4 Rxb4 38. Nxh3 Rh7 39. Kg2 Rg7 40.
Kf3 a5 41. Ra2 Rb5 42. Nf4 Rg8 43. Ne2 c5 44. Nf4 c6 45. g4 Ra8 46. Nh5 Ke7 47.
Kf4 a4 48. g5 a3 49. Ng7 Rb2 50. Ra1 a2 51. Ke5 Rb1 52. Nf5+ Kf8 0-1

[Event "Russian Championship B15 1st league 2016"]
[Site "Loo"]
[Date "2016.04.26"]
[Round "7.60"]
[White "Li, Dmitry"]
[Black "Medvedev, David"]
[Result "0-1"]
[WhiteElo "1256"]
[BlackElo "1350"]
[PlyCount "104"]
[EventDate "2016.04.20"]

1. e4 c5 2. Nf3 Nc6 3. d4 cxd4 4. Nxd4 Qb6 5. Nb3 Nf6 6. Nc3 e6 7. Be3 Qc7 8.
Bd3 Bb4 9. Qd2 O-O 10. f3 d5 11. a3 Bxc3 12. Qxc3 dxe4 13. fxe4 Ng4 14. Bg5 h6
15. Bd2 Qb6 16. Nc5 Qc7 17. Be2 e5 18. Qg3 Nd4 19. Bxg4 Nxc2+ 20. Ke2 Nd4+ 21.
Kd1 Qxc5 22. Rc1 Bxg4+ 23. Qxg4 Qd6 24. Ke1 Nb3 25. Bb4 Qd3 26. Rc3 Qb1+ 27.
Kf2 Qxh1 28. Bxf8 Rxf8 29. Rxb3 Rb8 30. Rg3 g6 31. Rh3 Kg7 32. Qg3 Re8 33. Rh5
Qc1 34. b4 Qf4+ 35. Qxf4 exf4 36. Rb5 b6 37. Kf3 g5 38. Rd5 Rc8 39. Kg4 Rc2 40.
g3 fxg3 41. hxg3 Rc3 42. a4 Rc4 43. Kf5 Rxb4 44. a5 Ra4 45. axb6 axb6 46. Rb5
Ra5 47. Rd5 Rxd5+ 48. exd5 Kf8 49. d6 Ke8 50. Ke4 Kd7 51. Kd5 b5 52. Kc5 f5 0-1

[Event "Russian Championship B15 1st league 2016"]
[Site "Loo"]
[Date "2016.04.26"]
[Round "7.61"]
[White "Muratov, Maxim"]
[Black "Gozgeshev, Eldar"]
[Result "0-1"]
[WhiteElo "1428"]
[BlackElo "1567"]
[PlyCount "82"]
[EventDate "2016.04.20"]

1. e4 e6 2. d4 d5 3. e5 c5 4. c3 Nc6 5. Nf3 cxd4 6. cxd4 Nge7 7. Nc3 Nf5 8. g4
Nfe7 9. Bd3 Ng6 10. O-O Be7 11. Bc2 O-O 12. Ne1 f5 13. f4 b6 14. gxf5 exf5 15.
Be3 Be6 16. Qf3 Bb4 17. Kh1 Bxc3 18. bxc3 Rc8 19. Bf2 Na5 20. Bb3 Nc4 21. Bxc4
dxc4 22. Qe3 Kf7 23. Nf3 h6 24. a4 Ne7 25. Rfb1 Nd5 26. Qd2 Rg8 27. Bh4 Qc7 28.
a5 Qc6 29. axb6 axb6 30. Kg2 Ra8 31. Kf2 Rxa1 32. Rxa1 Ra8 33. Rb1 Ra3 34. Rc1
Qa4 35. Re1 Ra2 36. Qxa2 Qxa2+ 37. Kg3 Nxf4 38. Bd8 Qg2+ 39. Kxf4 g5+ 40. Ke3
f4+ 41. Ke4 Qc2# 0-1

[Event "Russian Championship B15 2016"]
[Site "Loo"]
[Date "2016.04.26"]
[Round "7.1"]
[White "Lomasov, Semen"]
[Black "Murtazin, Ruslan"]
[Result "1-0"]
[WhiteElo "2326"]
[BlackElo "2012"]
[PlyCount "89"]
[EventDate "2016.04.20"]

1. e4 c5 2. Nf3 e6 3. d4 cxd4 4. Nxd4 Nc6 5. Nc3 Qc7 6. Be3 a6 7. Qf3 Bd6 8.
O-O-O Be5 9. g3 b5 10. Qe2 Bb7 11. f4 Bxd4 12. Bxd4 Nxd4 13. Rxd4 Ne7 14. Bg2
O-O 15. Rhd1 Bc6 16. e5 Rad8 17. Be4 Bxe4 18. Qxe4 Nf5 19. R4d3 f6 20. exf6
Rxf6 21. Qe2 Rff8 22. Kb1 Rfe8 23. g4 Ne7 24. Rxd7 Rxd7 25. Qxe6+ Kf8 26. Rxd7
Qxf4 27. Rd1 b4 28. Nd5 Nxd5 29. Qxd5 Qf7 30. Qd6+ Qe7 31. Qxa6 Kg8 32. a3 bxa3
33. Qxa3 Qe2 34. Rg1 Qxh2 35. Rf1 Qe2 36. Qb3+ Kh8 37. Qf7 Rg8 38. g5 Qd2 39.
Qf5 Qg2 40. b3 Qc6 41. Kb2 Qa8 42. Rf3 Re8 43. Rh3 g6 44. Qf7 h5 45. Qxg6 1-0

[Event "Russian Championship B15 2016"]
[Site "Loo"]
[Date "2016.04.26"]
[Round "7.2"]
[White "Shubin, Kirill"]
[Black "Yeritsyan, Aram"]
[Result "1-0"]
[WhiteElo "2399"]
[BlackElo "2000"]
[PlyCount "61"]
[EventDate "2016.04.20"]

1. e4 c6 2. d4 d5 3. Nc3 dxe4 4. Nxe4 Bf5 5. Ng3 Bg6 6. h4 h6 7. Nf3 Nd7 8. h5
Bh7 9. Bd3 Bxd3 10. Qxd3 e6 11. Be3 Qa5+ 12. Bd2 Qc7 13. O-O-O Ngf6 14. c4 b5
15. cxb5 cxb5+ 16. Kb1 Qb7 17. Rhe1 Be7 18. Nh4 Nd5 19. Nhf5 exf5 20. Nxf5 Kd8
21. Ba5+ N7b6 22. Qf3 Re8 23. Bxb6+ axb6 24. Re5 Nc3+ 25. Qxc3 g6 26. hxg6 fxg6
27. Ng7 Rg8 28. Ne6+ Kd7 29. Qe3 Bd6 30. Nc5+ bxc5 31. dxc5 1-0

[Event "Russian Championship B15 2016"]
[Site "Loo"]
[Date "2016.04.26"]
[Round "7.3"]
[White "Nesterov, Arseniy"]
[Black "Gurvich, Vitaly"]
[Result "1/2-1/2"]
[WhiteElo "2273"]
[BlackElo "2381"]
[PlyCount "80"]
[EventDate "2016.04.20"]

1. d4 Nf6 2. Bg5 d5 3. Bxf6 exf6 4. e3 Bd6 5. g3 O-O 6. Bg2 c6 7. Ne2 Nd7 8.
O-O f5 9. Nd2 Nf6 10. b3 Be6 11. c4 Ne4 12. cxd5 cxd5 13. f3 Nf6 14. Nb1 Rc8
15. Nbc3 a6 16. Qd3 b5 17. a4 b4 18. Na2 a5 19. Rfc1 Bd7 20. Rxc8 Qxc8 21. Rc1
Qe8 22. Qd2 Qe7 23. Nf4 Re8 24. Kf2 g6 25. Nd3 Kg7 26. Rc2 h5 27. Nac1 h4 28.
Ne2 Rh8 29. Rc1 Nh5 30. Ndf4 Nf6 31. Nd3 Rh7 32. Rg1 Rh6 33. Rc1 Rh8 34. Re1
Bc8 35. Rc1 Ba6 36. Rc6 Bb7 37. Rc1 Ba6 38. Rc6 Bb7 39. Rc1 Ba6 40. Rc6 Bb7
1/2-1/2

[Event "Russian Championship B15 2016"]
[Site "Loo"]
[Date "2016.04.26"]
[Round "7.4"]
[White "Mnatsakanian, Arsen"]
[Black "Nuristani, Iman"]
[Result "1-0"]
[WhiteElo "2037"]
[BlackElo "1922"]
[PlyCount "185"]
[EventDate "2016.04.20"]

1. d4 Nf6 2. g3 g6 3. Bg2 d5 4. c4 c6 5. Nf3 Bg7 6. cxd5 cxd5 7. Ne5 O-O 8. Nc3
Nc6 9. O-O e6 10. f4 Qb6 11. e3 Nd7 12. Nd3 Qd8 13. Bd2 b6 14. b4 Bb7 15. Rc1
Rc8 16. Qb3 a6 17. Rfd1 Qe7 18. Na4 Bxd4 19. Rxc6 Bxe3+ 20. Bxe3 Rxc6 21. Bd4
Rfc8 22. a3 Qd8 23. h4 Rc4 24. Ndb2 Rc1 25. Nc3 Rxd1+ 26. Qxd1 Qf8 27. Qe2 a5
28. Nd3 Rc4 29. Qe3 Qd6 30. Nb5 Qc6 31. a4 f6 32. Na3 Rxd4 33. Qxd4 Qxa4 34.
Qb2 Qd1+ 35. Bf1 axb4 36. Qxb4 Qf3 37. Qe1 d4 38. Qxe6+ Kf8 39. Qd6+ Kg8 40. f5
Qh1+ 41. Kf2 Qf3+ 42. Ke1 Qxf5 43. Qxd4 Qe6+ 44. Kd2 Ba6 45. Nc2 Qf7 46. Ncb4
Bxd3 47. Bxd3 Kg7 48. Bc4 Qe7 49. Nd5 Qd6 50. Qe3 Ne5 51. Bb3 Nd7 52. Qe7+ Qxe7
53. Nxe7 h5 54. Nd5 Nc5 55. Bc2 Nd7 56. Ke3 g5 57. Bd1 gxh4 58. gxh4 Kh6 59.
Ba4 Ne5 60. Kf4 Nd3+ 61. Kg3 f5 62. Nxb6 Kg6 63. Be8+ Kh6 64. Nd5 f4+ 65. Kf3
Ne5+ 66. Kxf4 Nd3+ 67. Kf5 Ne1 68. Nf4 Nf3 69. Ng2 Nd4+ 70. Ke4 Ne6 71. Ke5 Nc5
72. Bb5 Nb3 73. Nf4 Nd2 74. Be2 Nb3 75. Kd5 Na5 76. Bd1 Nb7 77. Ne6 Kg6 78.
Nf4+ Kh7 79. Bxh5 Nd8 80. Be8 Nb7 81. Ne6 Na5 82. Nd4 Nb7 83. Nf5 Kg8 84. h5
Na5 85. Bg6 Kh8 86. h6 Nb7 87. Kc6 Nd8+ 88. Kd6 Nb7+ 89. Ke7 Nc5 90. Nd6 Kg8
91. h7+ Kg7 92. Nf7 Ne6 93. h8=Q+ 1-0

[Event "Russian Championship B15 2016"]
[Site "Loo"]
[Date "2016.04.26"]
[Round "7.5"]
[White "Kalabukhov, Bogdan"]
[Black "Zaika, Daniil"]
[Result "1-0"]
[WhiteElo "2056"]
[BlackElo "2077"]
[PlyCount "72"]
[EventDate "2016.04.20"]

1. d4 d5 2. Bf4 Nf6 3. e3 c5 4. c3 Nc6 5. Nf3 Qb6 6. Qb3 c4 7. Qc2 Bf5 8. Qc1
Nh5 9. Bg3 f6 10. Nbd2 Nxg3 11. hxg3 e5 12. dxe5 fxe5 13. e4 Bc5 14. exf5 Bxf2+
15. Kd1 Bxg3 16. Ng5 Ne7 17. Qc2 Qe3 18. Ndf3 e4 19. Qd2 Qxd2+ 20. Nxd2 Nxf5
21. b3 Be5 22. Kc2 cxb3+ 23. axb3 Rc8 24. Nb1 a6 25. Be2 Nd4+ 26. Kd1 Nxb3 27.
Ra3 Nc5 28. Bh5+ Ke7 29. Nf7 Nd3 30. Ra2 Rhf8 31. Nxe5 Nxe5 32. Be2 h6 33. Rh5
Kd6 34. Rd2 b5 35. Rh4 Kc6 36. Na3 Nc4 1-0

[Event "Russian Championship B15 2016"]
[Site "Loo"]
[Date "2016.04.26"]
[Round "7.6"]
[White "Bazhenov, Aleksandr"]
[Black "Golikov, Daniil"]
[Result "0-1"]
[WhiteElo "2162"]
[BlackElo "2152"]
[PlyCount "90"]
[EventDate "2016.04.20"]

1. e4 e6 2. d4 d5 3. Bd3 dxe4 4. Bxe4 Nf6 5. Bf3 Nbd7 6. Nc3 e5 7. Nge2 Bd6 8.
Be3 Qe7 9. Ng3 O-O 10. Nf5 Qe6 11. Nxd6 cxd6 12. dxe5 dxe5 13. Qd3 Re8 14. Bd5
Nxd5 15. Nxd5 Qc6 16. O-O-O Nf6 17. Rhe1 Bg4 18. Rd2 Rac8 19. a3 b6 20. f3 Bh5
21. Nb4 Qe6 22. Qd6 Qc4 23. Qd3 Qe6 24. Qd6 Qc4 25. Nd3 Qa2 26. Kd1 Ne4 27. Qb4
Nxd2 28. Kxd2 Bg6 29. Rd1 Qd5 30. a4 e4 31. fxe4 Rxe4 32. Qb5 Qxb5 33. axb5
Rxc2+ 34. Kxc2 Rxe3 35. Kc3 Kf8 36. Kd4 Rxd3+ 37. Rxd3 Bxd3 38. Kxd3 Ke7 39.
Ke4 Ke6 40. g4 f6 41. h4 g6 42. b3 f5+ 43. gxf5+ gxf5+ 44. Kf4 Kf6 45. b4 h5
0-1

[Event "Russian Championship B15 2016"]
[Site "Loo"]
[Date "2016.04.26"]
[Round "7.7"]
[White "Talypov, Ildar"]
[Black "Izabakarov, Kamil"]
[Result "1-0"]
[WhiteElo "1993"]
[BlackElo "1813"]
[PlyCount "83"]
[EventDate "2016.04.20"]

1. d4 Nf6 2. Nf3 d5 3. c4 e6 4. Nc3 Be7 5. Bg5 h6 6. Bh4 O-O 7. e3 b6 8. Be2
dxc4 9. Bxc4 Bb7 10. O-O Nbd7 11. Qe2 c5 12. Rfd1 a6 13. a4 Nh5 14. Bxe7 Qxe7
15. d5 exd5 16. Bxd5 Ndf6 17. Bxb7 Qxb7 18. Ne5 g6 19. Rd6 Rfe8 20. f4 Ne4 21.
Rd7 Nxc3 22. Qc4 Qxd7 23. Nxd7 Rad8 24. Ne5 Nd5 25. Rd1 Nhf6 26. e4 b5 27. axb5
axb5 28. Qa2 Ra8 29. Qb3 c4 30. Qxb5 Nxf4 31. Qb7 Rxe5 32. Qxa8+ Kg7 33. Re1
Nd3 34. Re2 Nf4 35. Re3 Nd3 36. b3 Nc5 37. bxc4 Nfxe4 38. Qa7 Rf5 39. Qe7 Nd2
40. h3 Nxc4 41. Rc3 Re5 42. Qc7 1-0